1708 1049 1341 1891 1875 1737 1400 1802 1737 1138 1452 1110 1054 1029 1984 1298 1314 1632 1557 1091 1033 1830 1925 1275 1525 1989 1020 1818 1228 1690 1753 1904 1335 1722 1058 1324 1642 1525 1785 1227 1214 1287 1315 1310 1954 1756 1989 1772 1194 1215 1307 1345 1694 1515 1670 1789 1959 1118 1181 1818 1429 1840 1232 1741 1105 1680 1497 1360 1895 1670 1618 1447 1535 1851 1995 1851 1241 1842 1302 1901 1539 1820 1606 1226 1055 1063 1355 1249 1076 1606 1768 1495 1146 1482 1920 1856 1964 1495 1855 BCNSPRNW ULIB Ver.6.0+V

เปลี่ยนเป็นภาษาไทย

Change to English
 แสดงรายละเอียดบรรณานุกรม
  กลับหน้าหลัก

Brief Record : Get Marc (ISO 2709) : E-mail record : QR code < ปิดหน้าต่าง
LEADER : 00000nam 2200000uu 4500
001    13399127604
003     ULIB
008    210302s2560||||th 000 0 tha d
020    ^a9789990138061
060    ^aQZ365^bส866ก
100    ^aสุรีพร ธนศิลป์ จรรยา ฉิมหลวง นพมาศ พัดทอง รัชนีกร อุปเสน วิไลลักษณ์ ตันติตระกูล และลัญฉน์ศักดิ์ อรรฆยากร
245    ^aการจัดการอาการที่พบบ่อยในผู้ป่วยมะเร็ง
250    ^aพิมพ์ครั้งที่ 1
260    ^aกรุงเทพฯ :^bคณะพยาบาลศาสตร์ จุฬาลงกรณ์มหาวิทยาลัย,^c2560
300    ^a95 หน้า^bภาพประกอบ, ตาราง, ภาคผนวก
650    ^aมะเร็ง^xการดูแล
945    ^p79^l0^i28666
945    ^p79^l0^i28667
945    ^p79^l0^i28668
945    ^p79^l0^i28669
945    ^p79^l0^i28670
945    ^p79^l0^i28671
945    ^p79^l0^i28672
945    ^p79^l0^i28673
945    ^p79^l0^i28674
945    ^p79^l0^i28675
999    ^aกัณชพร จุลอักษร
รายการนี้ยังไม่มีแท็ก
คุณยังไม่ได้ล็อกอิน คุณสามารถมีกิจกรรมร่วมกับเว็บไซต์ได้ แต่ต้องล็อกอินก่อน ::
  ล็อกอิน

รายการสื่อสารสนเทศ

ลำดับที่ ประเภท เลขเรียก/บาร์โค้ด สถานที่ สถานะ
1. หนังสือสำรอง
หนังสือสำรอง
QZ365 ส866ก ฉ.1 
  Barcode: 28666
ห้องสมุดวิทยาเขตนครสวรรค์
►หนังสือทั่วไป:l:General Books
บนชั้น
2. วิทยาศาสตร์การแพทย์ และสุขภาพ
วิทยาศาสตร์การแพทย์ และสุขภาพ
QZ365 ส866ก ฉ.10 
  Barcode: 28675
ห้องสมุดวิทยาเขตนครสวรรค์
►หนังสือทั่วไป:l:General Books
บนชั้น
3. วิทยาศาสตร์การแพทย์ และสุขภาพ
วิทยาศาสตร์การแพทย์ และสุขภาพ
QZ365 ส866ก ฉ.2 
  Barcode: 28667
ห้องสมุดวิทยาเขตนครสวรรค์
►หนังสือทั่วไป:l:General Books
บนชั้น
4. วิทยาศาสตร์การแพทย์ และสุขภาพ
วิทยาศาสตร์การแพทย์ และสุขภาพ
QZ365 ส866ก ฉ.3 
  Barcode: 28668
ห้องสมุดวิทยาเขตนครสวรรค์
►หนังสือทั่วไป:l:General Books
บนชั้น
5. วิทยาศาสตร์การแพทย์ และสุขภาพ
วิทยาศาสตร์การแพทย์ และสุขภาพ
QZ365 ส866ก ฉ.4 
  Barcode: 28669
ห้องสมุดวิทยาเขตนครสวรรค์
►หนังสือทั่วไป:l:General Books
บนชั้น
6. วิทยาศาสตร์การแพทย์ และสุขภาพ
วิทยาศาสตร์การแพทย์ และสุขภาพ
QZ365 ส866ก ฉ.5 
  Barcode: 28670
ห้องสมุดวิทยาเขตนครสวรรค์
►หนังสือทั่วไป:l:General Books
บนชั้น
7. วิทยาศาสตร์การแพทย์ และสุขภาพ
วิทยาศาสตร์การแพทย์ และสุขภาพ
QZ365 ส866ก ฉ.6 
  Barcode: 28671
ห้องสมุดวิทยาเขตนครสวรรค์
►หนังสือทั่วไป:l:General Books
บนชั้น
8. วิทยาศาสตร์การแพทย์ และสุขภาพ
วิทยาศาสตร์การแพทย์ และสุขภาพ
QZ365 ส866ก ฉ.7 
  Barcode: 28672
ห้องสมุดวิทยาเขตนครสวรรค์
►หนังสือทั่วไป:l:General Books
บนชั้น
9. วิทยาศาสตร์การแพทย์ และสุขภาพ
วิทยาศาสตร์การแพทย์ และสุขภาพ
QZ365 ส866ก ฉ.8 
  Barcode: 28673
ห้องสมุดวิทยาเขตนครสวรรค์
►หนังสือทั่วไป:l:General Books
บนชั้น
10. วิทยาศาสตร์การแพทย์ และสุขภาพ
วิทยาศาสตร์การแพทย์ และสุขภาพ
QZ365 ส866ก ฉ.9 
  Barcode: 28674
ห้องสมุดวิทยาเขตนครสวรรค์
►หนังสือทั่วไป:l:General Books
บนชั้น

รายการใกล้เคียง
    ชื่อเรื่อง [การจัดการอาการที่พบบ่อยในผู้ป่วยมะเร็ง]

    ผู้แต่ง [สุรีพร ธนศิลป์ จรรยา ฉิมหลวง นพมาศ พัดทอง รัชนีกร อุปเสน วิไลลักษณ์ ตันติตระกูล และลัญฉน์ศักดิ์ อรรฆยากร]

    หัวเรื่อง [มะเร็ง การดูแล]

BibComment


ยังไม่เคยถูกคอมเมนท์

คอมเมนท์ทรัพยากรรายการนี้
  คอมเมนท์: การจัดการอาการที..


 Copyright 2026. Bcnsprnw @Library